000 00186nam a2200109Ia 4500
100 _a#N/A
942 _cBK
654 _avideos
245 _aVideos
260 _b#N/A
546 _aENGLISH
999 _c24006
_d24006